|
|
|
|
| LEADER |
00869nab a2200181 i 4500 |
| 001 |
univ61564 |
| 005 |
20250901152300.0 |
| 008 |
220303s2022 hu o 000 hun d |
| 040 |
|
|
|a SZTE UnivHistória Repozitórium
|b hun
|
| 041 |
|
|
|a hun
|
| 100 |
2 |
|
|a Kovács-Jerney Ádám
|
| 245 |
1 |
0 |
|a Kölcsey-díjat kapott az SZTE szakorvosa
|h [elektronikus dokumentum] /
|c Kovács-Jerney Ádám
|
| 260 |
|
|
|c 2022-03-02
|
| 490 |
0 |
|
|a SZTE Info
|
| 561 |
|
|
|a Egyetemi hirarchívum
|
| 695 |
|
|
|a Kitüntetés, Lázár Bence András - egyetemi adjunktus - Kölcsey-érem, Pszichiátriai Klinika, Általános Orvostudományi Kar - ÁOK, Szent-Györgyi Albert Klinikai Központ - SZAKK, Interjú
|
| 700 |
0 |
1 |
|a Lázár Bence András
|
| 856 |
4 |
0 |
|u http://univ.bibl.u-szeged.hu/61564/1/Szegedi%20Tudom%C3%A1nyegyetem%20_%20K%C3%B6lcsey-d%C3%ADjat%20kapott%20az%20SZTE%20szakorvosa.pdf
|z Dokumentum-elérés
|